| 000 | 01440nam a2200277Ia 4500 | ||
|---|---|---|---|
| 999 |
_c36170 _d36170 |
||
| 001 | 2072 | ||
| 003 | GE_BSU | ||
| 005 | 20190513213246.0 | ||
| 008 | 181216s2006||||ge |||||||||||||| ||geo|| | ||
| 020 | _a9994033383 | ||
| 040 | _cGE_BSU | ||
| 041 | _ageo | ||
| 080 | _a547(075.8) გ–26 | ||
| 100 |
_aგახოკიძე, რ. _91095 |
||
| 245 |
_aბიოორგანულ რეაქციათა მექანიზმები : _bსახელმძღვანელო / _cრ. გახოკიძე, მ.გვერდწითელი, ა. გახოკიძე, |
||
| 245 | _bსახელმძღვანელო საბუნებისმეტყველო და მედიცინის ფაკ–ტეტების სტუდენტთათვის | ||
| 264 |
_aთბილისი, _bთბილისის უნივერსიტეტის გამომცემლობა, _c2006. |
||
| 300 |
_a137გვ. _b19 სმ. |
||
| 504 | _aბიბლიოგრაფია 135გვ. | ||
| 653 | _aქიმია | ||
| 653 | _aბიოორგანული რეაქციები | ||
| 700 |
_aგვერდწითელი, მ. _eავტორი _91093 |
||
| 700 |
_aგახოკიძე, ა. _eავტორი _91096 |
||
| 700 |
_aკვესიტაძე,გ. _eრედაქტორი _91097 |
||
| 942 |
_cBK _2udc |
||